000 00977nam a2200241Ia 4500
001 19468
003 GE_BSU
008 181216s||||||||xx |||||||||||||| ||und||
040 _cGE_BSU
080 _a811.353.1(058)
245 _aმოამბე,II: Известия II
245 _cრედ:ი.აბულაძე
250 _aხელნაწერთა ინ-ტი
260 _aთბილისი
260 _bსაქართველოს მეცნიერებათა აკადემიის გამომცემლობა
260 _c1960
300 _a228გვ;26სმ.
541 _h6ლ.
653 _aენათმეცნიერება,
653 _aმიძღვნილია საქართველოში საბჭოთა ხელისუფლების დამყარების 40 წლისთავისადმი.
653 _aმოამბე, II
942 _cBK
999 _c52445
_d52445